The amateur orchid cultivator´s guide book (Record no. 6678)

MARC details
000 -CABECERA
campo de control de longitud fija 00630nam a2200229 a 4500
001 - NÚMERO DE CONTROL
campo de control BRCA_6997
005 - FECHA Y HORA DE LA ÚLTIMA TRANSACCIÓN
campo de control 20190320205654.0
008 - DATOS DE LONGITUD FIJA--INFORMACIÓN GENERAL
campo de control de longitud fija 231111s1900----enkad#####---#000-0#eng-#
041 ## - CÓDIGO DE LENGUA
Código de lengua del texto/banda sonora o título independiente eng
044 ## - CÓDIGO DEL PAÍS DE LA ENTIDAD EDITORA/PRODUCTORA
Código MARC del país enk
050 #4 - SIGNATURA TOPOGRÁFICA DE LA BIBLIOTECA DEL CONGRESO
Número de clasificación SB409
Número de documento/Ítem .B86
-- 1900
100 1# - ENTRADA PRINCIPAL--NOMBRE DE PERSONA
Nombre de persona Burberry, H. A.
9 (RLIN) 17411
245 10 - MENCIÓN DE TÍTULO
Título The amateur orchid cultivator´s guide book
Mención de responsabilidad, etc. H. A. Burberry
250 ## - MENCIÓN DE EDICIÓN
Mención de edición 3
260 ## - PUBLICACIÓN, DISTRIBUCIÓN, ETC.
Lugar de publicación, distribución, etc. Liverpool, Inglaterra
Nombre del editor, distribuidor, etc. Blake & Mackenzie
Fecha de publicación, distribución, etc. 1900
300 ## - DESCRIPCIÓN FÍSICA
Extensión 196 p.
Otras características físicas il. a color, 4 láminas
Dimensiones 22 cm.
500 ## - NOTA GENERAL
Nota general Incluye índice de ilustraciones
500 ## - NOTA GENERAL
Nota general I162
650 14 - PUNTO DE ACCESO ADICIONAL DE MATERIA--TÉRMINO DE MATERIA
Término de materia o nombre geográfico como elemento de entrada Orquídeas
9 (RLIN) 7665
902 ## - CATALOGADOR
Iniciales GFM
942 ## - ELEMENTOS DE PUNTO DE ACCESO ADICIONAL (KOHA)
Fuente del sistema de clasificación o colocación Library of Congress Classification
Tipo de ítem Koha Libros
Holdings
Estado de retiro Estado de pérdida Estado dañado No para préstamo Localización permanente Ubicación/localización actual Fecha de adquisición Número de inventario Total de préstamos Signatura topográfica completa Código de barras Fecha visto por última vez Precio válido a partir de Tipo de ítem Koha
El ejemplar forma parte de la colección y puede ser consultado según las políticas vigentes.       Biblioteca del Museo Franz Mayer (Rogerio Casas-Alatriste) Biblioteca del Museo Franz Mayer (Rogerio Casas-Alatriste) 23/11/2011 I162   SB409 .B86 1900 (I162) 7444 22/03/2019 22/03/2019 Libros